000 00780cac a22002411u 4500
090 _c6484
008 081102t1991 xxu||||| |||| 00| 0 eng d
010 _a90082999
020 _a0395432472
082 _a121
_bCHA
100 _aChaffee, John.
245 1 0 _aThinking critically /
_cJohn Chaffee.
250 _a3rd ed.
260 _aBoston :
_bHoughton Mifflin,
_cc1991.
300 _axviii, 599 p. :
_bill. ;
_c24 cm.
500 _aIncludes index.
500 _aDistributer: Al-Ahram.
511 _aCatalogued By: Mahitab.
650 0 _aThought and thinking.
650 0 _aCritical thinking.
942 _cBB
_k121CHA
_2ddc
999 _c6484
_d6484